| 000 | 00620cam a22002053a 4500 | ||
|---|---|---|---|
| 001 | 44264 | ||
| 003 | PGUSA | ||
| 005 | 20140828084018.0 | ||
| 008 | 131123s2013||||xxu|||||s|||||000 | eng d | ||
| 040 |
_aPGUSA _beng |
||
| 042 | _adc | ||
| 100 | 1 | _aHartstonge, Matthew Weld | |
| 245 | 1 | 4 |
_aThe Eve of All-Hallows, Vol. 3 (of 3) : _bAdelaide of Tyrconnel _h[electronic resource] / _cMatthew Weld Hartstonge |
| 260 |
_bProject Gutenberg, _c2013 |
||
| 506 | _aPublic domain in the USA. | ||
| 516 | _aElectronic text | ||
| 830 | 0 |
_aProject Gutenberg _v44264 |
|
| 856 | 4 | 0 | _uhttp://www.gutenberg.org/ebooks/44264 |
| 942 | _cEB | ||
| 999 |
_c273515 _d273515 |
||